00356nam a2200133 a 4500008004100000050001700041100002300058245003700081260004700118300001300165350000900178650002700187650000800214120416s1981 ||||||||||||||||| || u aKB 24.F6 Hai aHaiman, Franklyn S10aSpeech and law in a free society aNew DelhibAllied Publishers Privatec1981 ax, 499p. a0.00 aFREEDOM OF SPEECH--LAW aLAW